| 000 | 00000nas 2200000zi 4500 |
| 001 | 9.872124 |
| 003 | CaOODSP |
| 005 | 20240830094209 |
| 006 | m o d f |
| 007 | cr ||||||||||| |
| 008 | 190426d19901991oncar p o f0###a0eng|d |
| 040 | |aCaOODSP|beng|erda|cCaOODSP |
| 043 | |an-cn--- |
| 086 | 1 |aC1E-PDF |zC1-1989|zC1-1990 |
| 110 | 1 |aCanada. |bIndustry, Science and Technology Canada. |
| 245 | 10|aDRIE and MOSST annual report. |
| 246 | 3 |iIssues 1989/90-1990/91 have title : |aAnnual report |
| 264 | 1|a[Ottawa] : |bIndustry, Science and Technology Canada = Industrie, Sciences et Technologie Canada, |c1990-1991. |
| 310 | |aAnnual |
| 336 | |atext|btxt|2rdacontent |
| 337 | |acomputer|bc|2rdamedia |
| 338 | |aonline resource|bcr|2rdacarrier |
| 362 | 1 |aBegan with 1988/89; ceased with 1990/91. |
| 500 | |aIssued also in French under title: MEIR et MEST, rapport annuel. |
| 500 | |aDigitized edition from print [produced by Innovation, Science and Economic Development Canada]. |
| 692 | 07|2gccst|aIndustries |
| 692 | 07|2gccst|aCommerce |
| 775 | 08|tMEIR et MEST, rapport annuel.|w(CaOODSP)9.872127 |
| 780 | 00|tAnnual report.|w(CaOODSP)9.872107 |
| 780 | 00|tAnnual report ...|w(CaOODSP)9.942655 |
| 785 | 00|tIndustry Canada annual report.|w(CaOODSP)9.873069 |